[Event "Elit(Linkoping-Skara)"]
[Site "?"]
[Date "2005.??.??"]
[Round "1"]
[White "Gausel, Einar"]
[Black "Cramling, Pia"]
[Result "1/2-1/2"]
[WhiteElo "2580"]
[BlackElo "2588"]
[PlyCount "119"]
[EventDate "2005.??.??"]

1. d4 d5 2. Nf3 Nf6 3. c4 c6 4. e3 Bg4 5. Nbd2 e6 6. Bd3 Nbd7 7. h3 Bh5 8. O-O
Bd6 9. e4 dxe4 10. Nxe4 Nxe4 11. Bxe4 Nf6 12. Bc2 Bc7 13. Be3 O-O 14. Qe2 Qb8
15. Bg5 Nd7 16. Qd3 Bg6 17. Qd2 Re8 18. Bxg6 hxg6 19. Rad1 b5 20. d5 exd5 21.
cxd5 cxd5 22. Qxd5 Nf8 23. Qb3 Bb6 24. Rd5 a6 25. Qd3 Ne6 26. Qd2 Ra7 27. Kh1
Rc7 28. Rd6 Rcc8 29. Bh4 Nc5 30. Qd5 Ne6 31. Rd7 Rc5 32. Qd1 Qc8 33. Rd6 Bc7
34. Rd5 Bf4 35. Rxc5 Qxc5 36. Qd7 Rc8 37. b3 Qc6 38. Qd1 g5 39. Bg3 Rd8 40. Qb1
Qd5 41. Re1 Qd3 42. Qxd3 Rxd3 43. Bxf4 gxf4 44. Rc1 Rd6 45. h4 Kh7 46. Kh2 Kg6
47. Kh3 Kf5 48. Re1 f6 49. g4+ fxg3 50. fxg3 g5 51. hxg5 Nxg5+ 52. Nxg5 Kxg5
53. Re4 f5 54. Rf4 a5 55. Rf2 Rd4 56. Rc2 a4 57. bxa4 bxa4 58. Rc3 Rb4 59. Rc5
Rb2 60. g4 1/2-1/2

[Event "Elit(Linkoping-Skara)"]
[Site "?"]
[Date "2005.??.??"]
[Round "1"]
[White "Bellon Lopez, Juan"]
[Black "Ziegler, Ari"]
[Result "1-0"]
[WhiteElo "2495"]
[BlackElo "2375"]
[PlyCount "37"]
[EventDate "2005.??.??"]

1. d4 d6 2. g3 g6 3. Bg2 Bg7 4. Nc3 Nf6 5. Bg5 O-O 6. Qd2 c6 7. Bh6 Bxh6 8.
Qxh6 Qa5 9. Nf3 Bf5 10. Ng5 Bxc2 11. O-O d5 12. Bh3 Qb4 13. Rac1 Bf5 14. Bxf5
gxf5 15. e3 Nbd7 16. Ne2 Rfe8 17. g4 fxg4 18. Ng3 e6 19. Rc5 1-0

[Event "Elit(Linkoping-Skara)"]
[Site "?"]
[Date "2005.??.??"]
[Round "1"]
[White "Mohammadi, Amir"]
[Black "Malesevic, Nedeljko"]
[Result "1-0"]
[WhiteElo "2232"]
[BlackElo "2335"]
[PlyCount "117"]
[EventDate "2005.??.??"]

1. e4 c6 2. d4 d5 3. e5 Bf5 4. c4 e6 5. Nc3 Bb4 6. f4 Nh6 7. Nf3 Bg4 8. a3 Be7
9. c5 Nf5 10. Be2 Nd7 11. b4 a5 12. b5 h5 13. Rb1 Bxf3 14. Bxf3 Nh4 15. O-O
Nxf3+ 16. Qxf3 g6 17. Kh1 Rc8 18. b6 f5 19. exf6 Bxf6 20. Qd3 Kf7 21. Bd2 Bg7
22. Ne2 Ra8 23. Ng1 Qf6 24. Nf3 Qf5 25. Ng5+ Kg8 26. Qe3 Nf8 27. Rbe1 Bf6 28.
Rf2 h4 29. Rfe2 a4 30. Nf3 Rh5 31. Qc3 h3 32. g3 Qg4 33. Qd3 Rf5 34. Ng1 Re8
35. Qf3 Qxf3+ 36. Nxf3 Rh5 37. Kg1 Kf7 38. Kf2 Rh8 39. Ke3 Nh7 40. Kd3 Nf8 41.
Kc3 Ra8 42. Kb4 Ra6 43. Rf1 Ke7 44. g4 Kd7 45. Ne5+ Bxe5 46. fxe5 Ke8 47. Ref2
Nd7 48. Rf7 Rh4 49. Re7+ Kxe7 50. Bg5+ Ke8 51. Bxh4 Ra8 52. Rf3 Nf8 53. Rxh3
Kf7 54. Bf6 Kg8 55. Rh8+ Kf7 56. h4 Ra6 57. h5 gxh5 58. gxh5 Ra8 59. h6 1-0

[Event "Elit(Linkoping-Skara)"]
[Site "?"]
[Date "2005.??.??"]
[Round "1"]
[White "Olsson, Conny"]
[Black "Svensson, Sven"]
[Result "0-1"]
[WhiteElo "2252"]
[BlackElo "2263"]
[PlyCount "52"]
[EventDate "2005.??.??"]

1. e4 e5 2. Nf3 Nc6 3. Bc4 Bc5 4. d3 Nf6 5. Nc3 d6 6. Be3 Bb6 7. Qd2 Be6 8. Bb3
Na5 9. h3 Nxb3 10. axb3 h6 11. Bxb6 axb6 12. Rxa8 Qxa8 13. O-O O-O 14. d4 exd4
15. Nxd4 Bd7 16. f3 Qa5 17. g4 Re8 18. Kg2 d5 19. e5 Nh7 20. f4 c5 21. Nf5 d4
22. Nb1 f6 23. Qd3 Bb5 24. Nxh6+ gxh6 25. Qg6+ Kh8 26. Kg1 Rg8 0-1

[Event "Elit(Linkoping-Skara)"]
[Site "?"]
[Date "2005.??.??"]
[Round "1"]
[White "Andersson, Goran"]
[Black "Vujadinovic, Miron"]
[Result "1/2-1/2"]
[WhiteElo "2227"]
[BlackElo "2117"]
[PlyCount "99"]
[EventDate "2005.??.??"]

1. e4 e5 2. Nf3 Nc6 3. Bb5 a6 4. Ba4 Nf6 5. O-O Nxe4 6. d4 exd4 7. Re1 d5 8.
Nxd4 Bd6 9. Nxc6 Bxh2+ 10. Kh1 Qh4 11. Rxe4+ dxe4 12. Qd8+ Qxd8 13. Nxd8+ Kxd8
14. Kxh2 Be6 15. c3 h6 16. Be3 f5 17. Nd2 Ke7 18. f3 exf3 19. Nxf3 Rad8 20. Re1
Kf7 21. Ne5+ Kf6 22. Bd4 Rxd4 23. cxd4 Rd8 24. Nf3 Bxa2 25. Rc1 Bd5 26. Ne5 c6
27. b4 Be4 28. Rd1 g5 29. g3 h5 30. Bb3 h4 31. g4 f4 32. Bc4 Rd6 33. Be2 Rd5
34. Bc4 Rd8 35. Kg1 Rd6 36. Kf2 Rd8 37. Nf3 h3 38. Bf1 Rh8 39. Nh2 Rd8 40. Be2
Bd5 41. Bf3 Bb3 42. Rd2 Ra8 43. Rd3 Bc4 44. Rc3 Bb5 45. Be4 Re8 46. Bf5 Re2+
47. Kg1 Re1+ 48. Kf2 Re2+ 49. Kg1 Re1+ 50. Kf2 1/2-1/2

[Event "Elit(Linkoping-Skara)"]
[Site "?"]
[Date "2005.??.??"]
[Round "1"]
[White "Klashed, Martin"]
[Black "Eklund, Lars-Goran"]
[Result "0-1"]
[WhiteElo "2098"]
[BlackElo "2317"]
[PlyCount "104"]
[EventDate "2005.??.??"]

1. e4 Nc6 2. Nf3 d6 3. d4 Nf6 4. Nc3 Bg4 5. Bb5 a6 6. Bxc6+ bxc6 7. Qd3 e6 8.
O-O Be7 9. Ne2 O-O 10. Ng3 Bxf3 11. Qxf3 d5 12. Bg5 Rb8 13. b3 Rb5 14. e5 Nd7
15. Bxe7 Qxe7 16. c4 Rbb8 17. Qd3 c5 18. cxd5 exd5 19. Nf5 Qe6 20. f4 cxd4 21.
Nxd4 Qb6 22. Kh1 Nc5 23. Qc2 Ne4 24. Nc6 Rbe8 25. Rad1 Re6 26. Nd4 Rg6 27. Nf5
Qe6 28. Nd4 Qb6 29. Nf5 Qe6 30. Nd4 Qg4 31. Qe2 Qc8 32. f5 Rh6 33. Kg1 Nc3 34.
Qc2 Nxd1 35. Rxd1 c5 36. Rc1 Qb8 37. Nf3 Rc8 38. Qd3 Qb7 39. Rd1 Rd8 40. Kh1
Qb5 41. Qd2 a5 42. Qg5 f6 43. Qe3 fxe5 44. Qxe5 Qd7 45. g4 Qd6 46. Qe2 d4 47.
g5 Rh5 48. Kg2 Qd5 49. Qe6+ Kf8 50. Kg3 Rh3+ 51. Kxh3 Qxf3+ 52. Kh4 Re8 0-1

[Event "Elit(Linkoping-Skara)"]
[Site "?"]
[Date "2005.??.??"]
[Round "1"]
[White "Olsson, Simon"]
[Black "Fransson, Jorgen"]
[Result "0-1"]
[WhiteElo "1943"]
[BlackElo "2070"]
[PlyCount "76"]
[EventDate "2005.??.??"]

1. d4 f5 2. Nc3 Nf6 3. Bg5 d5 4. e3 e6 5. Nh3 Be7 6. Qd2 O-O 7. f3 c5 8. Nf2
Nc6 9. Bb5 Na5 10. Be2 a6 11. O-O b5 12. a3 Nc6 13. dxc5 Bxc5 14. b4 Be7 15.
Bd3 Bb7 16. e4 Nxe4 17. Nfxe4 fxe4 18. Bxe7 Nxe7 19. fxe4 Rxf1+ 20. Bxf1 dxe4
21. Qxd8+ Rxd8 22. a4 Rc8 23. axb5 Rxc3 24. bxa6 Ba8 25. b5 Nd5 26. b6 Nxb6 27.
Rb1 Rc6 28. c4 Nd7 29. a7 Rb6 30. Rd1 Rb7 31. Ra1 Kf7 32. Kf2 Ke7 33. Ke3 Nb6
34. c5 Nc8 35. Kd4 Rxa7 36. Ra6 Rxa6 37. Bxa6 Na7 38. Bc4 Nc6+ 0-1

[Event "Elit(Linkoping-Skara)"]
[Site "?"]
[Date "2005.??.??"]
[Round "1"]
[White "Carlsson, Ingvar"]
[Black "Skoog, Anton"]
[Result "1-0"]
[WhiteElo "2029"]
[BlackElo "1769"]
[PlyCount "77"]
[EventDate "2005.??.??"]

1. e4 e5 2. Nf3 Nc6 3. Bc4 Nf6 4. Ng5 d5 5. exd5 Na5 6. Bb5+ c6 7. dxc6 bxc6 8.
Be2 h6 9. Nh3 Bc5 10. d3 O-O 11. O-O Nb7 12. Kh1 Bb6 13. Ng1 Nd5 14. c4 Nf6 15.
Nc3 Nc5 16. f4 e4 17. d4 Ne6 18. c5 Bc7 19. Be3 Nd5 20. Nxd5 cxd5 21. b4 a6 22.
a4 Bd7 23. b5 axb5 24. axb5 Rxa1 25. Qxa1 Qb8 26. g3 g5 27. b6 Bd8 28. f5 Ng7
29. g4 f6 30. Bf2 Bc6 31. Bg3 Qb7 32. Qb2 Be7 33. Ra1 Ra8 34. Rxa8+ Qxa8 35.
Bb5 Bb7 36. Qc3 Qc8 37. c6 Ba8 38. c7 Bb7 39. Bc6 1-0

[Event "Elit(Lulea-LASK)"]
[Site "?"]
[Date "2005.??.??"]
[Round "1"]
[White "Olsson, Linus"]
[Black "Astrom, Robert"]
[Result "1-0"]
[WhiteElo "2439"]
[BlackElo "2499"]
[PlyCount "99"]
[EventDate "2005.??.??"]

1. d4 Nf6 2. c4 e6 3. g3 d5 4. Bg2 Bb4+ 5. Nd2 O-O 6. Ngf3 b6 7. O-O Bb7 8. Qa4
Bd6 9. b4 dxc4 10. b5 c3 11. Nb1 a6 12. Nxc3 axb5 13. Qxb5 Nbd7 14. Rd1 Ra5 15.
Qd3 Qa8 16. Bb2 h6 17. Ne1 e5 18. Bxb7 Qxb7 19. Nc2 Re8 20. Nb5 e4 21. Qc4 Qa6
22. a4 Ra8 23. Ne3 Qc8 24. Rdc1 Qf8 25. Bc3 R5a6 26. Nf5 g6 27. Nfxd6 cxd6 28.
Nc7 d5 29. Qb3 R6a7 30. Bb4 Qd8 31. Nxa8 Rxa8 32. Qc3 Qe8 33. Qc6 Kg7 34. Bd6
Ra5 35. Bc7 g5 36. Bxb6 Ra6 37. a5 e3 38. f3 g4 39. f4 Qe4 40. Qb5 Ra8 41. Qd3
Qe8 42. Bc7 Ne4 43. Qxe3 Qe6 44. a6 h5 45. a7 h4 46. f5 Qxf5 47. gxh4 Nf8 48.
Be5+ Kg8 49. Rcb1 f6 50. Rb8 1-0

[Event "Elit(Lulea-LASK)"]
[Site "?"]
[Date "2005.??.??"]
[Round "1"]
[White "Larsson, Anders"]
[Black "Tikkanen, Hans"]
[Result "0-1"]
[WhiteElo "2376"]
[BlackElo "2435"]
[PlyCount "71"]
[EventDate "2005.??.??"]

1. e4 g6 2. d4 Bg7 3. Nc3 d6 4. Be3 a6 5. a4 b6 6. Nf3 e6 7. Be2 Nd7 8. O-O Ne7
9. Qd2 h6 10. Ne1 d5 11. exd5 exd5 12. Nd3 a5 13. Rfe1 Nf6 14. Ne5 c6 15. Bf3
Bb7 16. Bf4 Kf8 17. h3 Nf5 18. Rad1 Kg8 19. Bg4 Nd6 20. b3 Nxg4 21. hxg4 h5 22.
Bg5 Bf6 23. Bxf6 Qxf6 24. g5 Qf5 25. Re3 Re8 26. Rf3 Qc8 27. Rf6 Re6 28. Qf4
Qe8 29. Rd3 Bc8 30. Rf3 Nf5 31. Rxe6 Bxe6 32. Ne2 h4 33. Ng4 Kg7 34. Qe5+ f6
35. Nxf6 Qb8 36. Qxe6 0-1

[Event "Elit(Lulea-LASK)"]
[Site "?"]
[Date "2005.??.??"]
[Round "1"]
[White "Marklund, Nicklas"]
[Black "Semcesen, Daniel"]
[Result "1/2-1/2"]
[WhiteElo "2270"]
[BlackElo "2310"]
[PlyCount "27"]
[EventDate "2005.??.??"]

1. d4 d5 2. c4 c6 3. Nf3 Nf6 4. Nc3 a6 5. Qb3 b5 6. cxd5 cxd5 7. Bg5 e6 8. e3
Be7 9. Bd3 Nc6 10. Rc1 Bb7 11. O-O O-O 12. Rfd1 Rc8 13. a3 Re8 14. Qa2 1/2-1/2

[Event "Elit(Lulea-LASK)"]
[Site "?"]
[Date "2005.??.??"]
[Round "1"]
[White "Lund, Esben"]
[Black "Pousette, Gunnar"]
[Result "1-0"]
[WhiteElo "2290"]
[BlackElo "2163"]
[PlyCount "95"]
[EventDate "2005.??.??"]

1. d4 Nf6 2. c4 c5 3. d5 b5 4. cxb5 a6 5. bxa6 Bxa6 6. Nc3 d6 7. e4 Bxf1 8.
Kxf1 g6 9. g3 Bg7 10. Kg2 O-O 11. Nf3 Nbd7 12. Re1 Ng4 13. Qe2 Nge5 14. Nd2 Nb6
15. a4 e6 16. f4 Ned7 17. dxe6 fxe6 18. a5 Nb8 19. Ra3 Nc8 20. Qc4 Qe7 21. Nf3
Kh8 22. Ng5 e5 23. Ne6 Re8 24. Nxg7 Qxg7 25. fxe5 Qxe5 26. Nd5 Ra7 27. b4 Ne7
28. Bd2 Nxd5 29. exd5 Qxe1 30. Bxe1 Rxe1 31. bxc5 Rae7 32. c6 R1e2+ 33. Kh3
R7e4 34. Qxe4 Rxe4 35. c7 Re8 36. cxb8=Q Rxb8 37. a6 Ra8 38. a7 Kg7 39. Kg4 Kf6
40. Kf4 h6 41. Ra6 Ke7 42. h4 Kf7 43. Kg4 Kg7 44. h5 gxh5+ 45. Kxh5 Kh7 46. Kg4
Kg7 47. Kf5 Kf7 48. g4 1-0

[Event "Elit(Lulea-LASK)"]
[Site "?"]
[Date "2005.??.??"]
[Round "1"]
[White "Rolen, Magnus"]
[Black "Johnson, Bjorn"]
[Result "1/2-1/2"]
[WhiteElo "2171"]
[BlackElo "2277"]
[PlyCount "38"]
[EventDate "2005.??.??"]

1. Nc3 e6 2. e4 d5 3. d4 Bb4 4. exd5 exd5 5. Bd3 Nc6 6. a3 Bxc3+ 7. bxc3 Be6 8.
Ne2 Qd7 9. a4 O-O-O 10. a5 a6 11. O-O Bf5 12. Be3 Nf6 13. Bg5 Rdg8 14. Bxf6
gxf6 15. Ng3 Be6 16. f4 Bg4 17. Qxg4 Rxg4 18. Bf5 h5 19. Bxd7+ Kxd7 1/2-1/2

[Event "Elit(Lulea-LASK)"]
[Site "?"]
[Date "2005.??.??"]
[Round "1"]
[White "Nilsson, Sebastian"]
[Black "Pettersson, Tobias"]
[Result "0-1"]
[WhiteElo "2263"]
[BlackElo "2150"]
[PlyCount "48"]
[EventDate "2005.??.??"]

1. e4 d6 2. d4 Nf6 3. Nc3 g6 4. Be3 c6 5. Qd2 b5 6. f3 Nbd7 7. d5 b4 8. dxc6
bxc3 9. cxd7+ Bxd7 10. Qxc3 Bg7 11. Qd2 O-O 12. Bd3 Qb8 13. Bd4 e5 14. Bc3 d5
15. exd5 Nxd5 16. Be4 Be6 17. Bxd5 Rd8 18. Ne2 Rxd5 19. Qc1 Qb6 20. Ng3 Rad8
21. Nf1 e4 22. Bxg7 exf3 23. Qe3 fxg2 24. Qxb6 gxh1=Q 0-1

[Event "Elit(Lulea-LASK)"]
[Site "?"]
[Date "2005.??.??"]
[Round "1"]
[White "Dedorson, Tomas"]
[Black "Unmack, Christian"]
[Result "0-1"]
[WhiteElo "2149"]
[BlackElo "2238"]
[PlyCount "68"]
[EventDate "2005.??.??"]

1. d4 d5 2. Nf3 Nf6 3. Bg5 e6 4. e3 Be7 5. Nbd2 b6 6. Bd3 Bb7 7. O-O c5 8. c3
Nbd7 9. Qb1 Rc8 10. Ne5 Nxe5 11. dxe5 Nd7 12. Bxe7 Qxe7 13. f4 c4 14. Bc2 f5
15. Nf3 Nc5 16. Nd4 Ba6 17. Qd1 g6 18. g4 Qh4 19. gxf5 gxf5 20. Bxf5 Rg8+ 21.
Kh1 exf5 22. Nxf5 Qh3 23. Nd6+ Kd7 24. Qxd5 Qe6 25. Qd4 Kc7 26. f5 Qh6 27. b4
Bb7+ 28. e4 Qh3 29. Rf2 Nd3 30. Raf1 Nxf2+ 31. Rxf2 Qg4 32. Qxc4+ Kb8 33. Qf1
Bxe4+ 34. Nxe4 Qxe4+ 0-1

[Event "Elit(Wasa-Limhamn)"]
[Site "?"]
[Date "2005.??.??"]
[Round "1"]
[White "Hellborg, Teodor"]
[Black "Brynell, Stellan"]
[Result "0-1"]
[WhiteElo "2384"]
[BlackElo "2623"]
[PlyCount "66"]
[EventDate "2005.??.??"]

1. d4 Nf6 2. c4 e6 3. Nc3 Bb4 4. Bd2 b6 5. f3 O-O 6. e4 d5 7. e5 Nfd7 8. cxd5
Qh4+ 9. g3 Qxd4 10. Nge2 Qxe5 11. f4 Qh5 12. Bg2 Bb7 13. Nd4 Qxd1+ 14. Rxd1 Nf6
15. Ncb5 Na6 16. Bxb4 Nxb4 17. Nc6 Nbxd5 18. Ne7+ Nxe7 19. Bxb7 Rab8 20. Bf3
Nfd5 21. Nxa7 Ra8 22. Nb5 Rxa2 23. Rb1 Rfa8 24. O-O R8a5 25. Be2 c6 26. Nd6 b5
27. Rfc1 R5a4 28. Bf3 Rb4 29. Bxd5 exd5 30. Re1 Kf8 31. Re2 g6 32. Rc2 Ra7 33.
Re1 Rd7 0-1

[Event "Elit(Wasa-Limhamn)"]
[Site "?"]
[Date "2005.??.??"]
[Round "1"]
[White "Jepson, Christian"]
[Black "von Bahr, Oskar"]
[Result "1/2-1/2"]
[WhiteElo "2486"]
[BlackElo "2382"]
[PlyCount "119"]
[EventDate "2005.??.??"]

1. c4 c5 2. Nf3 Nc6 3. d4 cxd4 4. Nxd4 Nf6 5. Nc3 e6 6. a3 d5 7. cxd5 exd5 8.
Bg5 Be7 9. e3 O-O 10. Be2 Be6 11. Rc1 Rc8 12. O-O h6 13. Bh4 Ne5 14. Qb3 Nc4
15. Bxc4 dxc4 16. Qxb7 Rc7 17. Nxe6 Rxb7 18. Nxd8 Rxd8 19. Rc2 Rdb8 20. Na4 c3
21. b4 a5 22. Nxc3 Rc8 23. Rcc1 axb4 24. Nd5 Rxc1 25. Nxe7+ Rxe7 26. Rxc1 bxa3
27. Bxf6 gxf6 28. Rc8+ Kg7 29. Ra8 Rb7 30. g4 Rb3 31. Kg2 Rc3 32. Kg3 Rb3 33.
Ra5 Rc3 34. h4 Kg6 35. Kf3 Rb3 36. Ra6 Kg7 37. Ra5 Kg6 38. Kg3 Rc3 39. Ra6 Kg7
40. Kf4 Rc2 41. Rxa3 Rxf2+ 42. Kg3 Rb2 43. Rd3 Re2 44. Kf3 Rh2 45. Kg3 Re2 46.
Kf4 Rh2 47. h5 Ra2 48. Rd5 Rb2 49. Rd6 Ra2 50. Rd8 Rf2+ 51. Kg3 Ra2 52. Re8 Rb2
53. Kf4 Rf2+ 54. Ke4 Rg2 55. Kf5 Rf2+ 56. Ke4 Rg2 57. Kf3 Ra2 58. Re4 Rb2 59.
Rf4 Ra2 60. Ke4 1/2-1/2

[Event "Elit(Wasa-Limhamn)"]
[Site "?"]
[Date "2005.??.??"]
[Round "1"]
[White "Astrom, Goran"]
[Black "Ahlander, Bjorn"]
[Result "0-1"]
[WhiteElo "2327"]
[BlackElo "2537"]
[PlyCount "78"]
[EventDate "2005.??.??"]

1. e4 c5 2. Nf3 e6 3. d4 cxd4 4. Nxd4 a6 5. Bd3 Bc5 6. Nb3 Be7 7. Qg4 Bf6 8.
Nc3 Nc6 9. a4 Nge7 10. f4 d6 11. O-O O-O 12. Be3 Bd7 13. a5 e5 14. f5 Nd4 15.
Nd2 Rc8 16. Nc4 Rxc4 17. Bxc4 Nxc2 18. Bb6 Qc8 19. Rac1 Qxc4 20. Rxc2 Qb4 21.
h3 Bc6 22. Kh1 Kh8 23. Rd1 h6 24. Bc7 Nc8 25. h4 Re8 26. Nd5 Bxd5 27. Rxd5 Be7
28. Kh2 Qa4 29. Rcd2 Qc6 30. f6 Bxf6 31. Bxd6 Na7 32. Qf5 Nb5 33. Bb4 Qc4 34.
Bc3 Nd4 35. Bxd4 exd4 36. g3 Qc1 37. Qf2 Rxe4 38. Rd7 Re1 39. Kg2 Qc6+ 0-1

[Event "Elit(Wasa-Limhamn)"]
[Site "?"]
[Date "2005.??.??"]
[Round "1"]
[White "Nylen, Anders"]
[Black "Collett, Peter"]
[Result "0-1"]
[WhiteElo "2284"]
[BlackElo "2251"]
[PlyCount "52"]
[EventDate "2005.??.??"]

1. d4 Nf6 2. c4 e6 3. Nc3 Bb4 4. e3 b6 5. Nge2 Ba6 6. Ng3 h5 7. h4 Bb7 8. Bd2
Bd6 9. Qc2 Bxg3 10. fxg3 Ng4 11. Ne4 d5 12. cxd5 Qxd5 13. Ng5 Qd6 14. Rh3 Nd7
15. Nf3 O-O-O 16. Bd3 Nc5 17. Bh7 Rxh7 18. Qxh7 Be4 19. Qxh5 Nd3+ 20. Ke2 Ndf2
21. Ne5 g6 22. Qh7 Nxh3 23. Be1 Nxe5 24. gxh3 Qc6 25. Bc3 Bd3+ 26. Kf2 Qf3+ 0-1

[Event "Elit(Wasa-Limhamn)"]
[Site "?"]
[Date "2005.??.??"]
[Round "1"]
[White "Berkell, Peder"]
[Black "Dragicevic, Drazen"]
[Result "0-1"]
[WhiteElo "2226"]
[BlackElo "2279"]
[PlyCount "86"]
[EventDate "2005.??.??"]

1. d4 Nf6 2. Bg5 g6 3. Bxf6 exf6 4. g3 Bg7 5. Bg2 f5 6. e3 O-O 7. Ne2 d5 8. O-O
Re8 9. Nd2 c6 10. b3 Nd7 11. c4 Nf6 12. Nf4 Be6 13. Rc1 Qa5 14. Rc2 Ne4 15.
Nxe4 dxe4 16. Qd2 Qb6 17. Rd1 Rad8 18. Nxe6 fxe6 19. Qe2 Rd7 20. h4 Red8 21. c5
Qb4 22. Bf1 e5 23. Rc4 Qa5 24. Ra4 Qc7 25. Rxa7 exd4 26. exd4 Bxd4 27. Qc4+ Kh8
28. Kg2 Bxf2 29. Rd6 e3 30. Qc3+ Rg7 31. Qf6 Re8 32. Ba6 Qf7 33. Qb2 Qe7 34.
Be2 Qe4+ 35. Bf3 Qe5 36. Qxe5 Rxe5 37. Rd8+ Rg8 38. Rd7 Rg7 39. Rd8+ Rg8 40.
Rd7 Rb8 41. Kf1 Bxg3 42. Raxb7 Rxb7 43. Rxb7 Rxc5 0-1

[Event "Elit(Wasa-Limhamn)"]
[Site "?"]
[Date "2005.??.??"]
[Round "1"]
[White "Penalver, Osmani"]
[Black "Nordstrom, Felix"]
[Result "1-0"]
[WhiteElo "2227"]
[BlackElo "2126"]
[PlyCount "95"]
[EventDate "2005.??.??"]

1. d4 Nf6 2. c4 e6 3. Nc3 Bb4 4. f3 c5 5. d5 Bxc3+ 6. bxc3 Qa5 7. Bd2 d6 8. e4
O-O 9. Bd3 Nbd7 10. Nh3 Ne5 11. Nf2 b6 12. Qb3 Ba6 13. Be2 exd5 14. cxd5 Bxe2
15. Kxe2 Qa6+ 16. Kd1 Nfd7 17. a4 f5 18. Qb5 Qc8 19. c4 Qd8 20. f4 fxe4 21.
Nxe4 Nf7 22. Qb2 Qh4 23. h3 Rfe8 24. Qc2 Nf6 25. Nxf6+ Qxf6 26. Ra3 Re7 27. Re1
Rxe1+ 28. Kxe1 Re8+ 29. Re3 Rxe3+ 30. Bxe3 g5 31. fxg5 Qe5 32. Kf2 Nxg5 33.
Bxg5 Qxg5 34. Qe4 Qf6+ 35. Kg3 Qd8 36. Qe6+ Kg7 37. h4 a6 38. Kg4 b5 39. axb5
axb5 40. cxb5 c4 41. Kh3 Qc7 42. h5 c3 43. h6+ Kf8 44. b6 Qxb6 45. Qf6+ Ke8 46.
Qh8+ Kd7 47. Qxh7+ Kc8 48. Qh8+ 1-0

[Event "Elit(Wasa-Limhamn)"]
[Site "?"]
[Date "2005.??.??"]
[Round "1"]
[White "Nystrom, Ragnar"]
[Black "Holst, Conny"]
[Result "1/2-1/2"]
[WhiteElo "1962"]
[BlackElo "2249"]
[PlyCount "96"]
[EventDate "2005.??.??"]

1. e4 c5 2. c3 Nf6 3. e5 Nd5 4. d4 cxd4 5. cxd4 e6 6. Nf3 b6 7. Nc3 Nxc3 8.
bxc3 Qc7 9. Bd2 d6 10. exd6 Bxd6 11. Bd3 Bb7 12. O-O Nd7 13. Re1 O-O 14. h3
Rfe8 15. Bb1 Bf4 16. Bxf4 Qxf4 17. Re3 e5 18. Qc2 e4 19. Nd2 f5 20. a3 Nf6 21.
Ba2+ Kh8 22. Nf1 Qd6 23. Qb2 f4 24. Ree1 Rac8 25. Rac1 Qc6 26. c4 a6 27. Rcd1
b5 28. d5 Qc5 29. cxb5 axb5 30. Rc1 Qb6 31. Rb1 e3 32. fxe3 fxe3 33. Qxb5 Qxb5
34. Rxb5 Ba6 35. Rb2 Rc3 36. Rb3 Nxd5 37. Rb2 e2 38. Nd2 Nf4 39. Bb1 g5 40. Rb3
Rxb3 41. Nxb3 Bd3 42. g3 Bxb1 43. gxf4 gxf4 44. Kf2 Bd3 45. Nc1 Re3 46. Nxe2
Bxe2 47. Rxe2 Rxa3 48. Re5 Rxh3 1/2-1/2

[Event "Elit(SodraSASS-Eksjo)"]
[Site "?"]
[Date "2005.??.??"]
[Round "1"]
[White "Akesson, Ralf"]
[Black "Vernersson, Per"]
[Result "1-0"]
[WhiteElo "2577"]
[BlackElo "2516"]
[PlyCount "99"]
[EventDate "2005.??.??"]

1. d4 d5 2. c4 e6 3. Nc3 Be7 4. cxd5 exd5 5. Bf4 Nf6 6. e3 O-O 7. Bd3 c5 8.
dxc5 Bxc5 9. Nf3 Nc6 10. O-O Bg4 11. h3 Be6 12. Nb5 Qd7 13. Rc1 Bb6 14. Ne5
Nxe5 15. Bxe5 Ne4 16. Bc7 Rfc8 17. Bxb6 axb6 18. Rxc8+ Qxc8 19. a3 Qc5 20. Nd4
Bd7 21. Qh5 Rc8 22. Rd1 g6 23. Qh4 Re8 24. Ne2 Kg7 25. Bxe4 Rxe4 26. Qd8 Bc6
27. Nc3 Re8 28. Qh4 Ra8 29. Rd4 h6 30. Qg4 Rxa3 31. bxa3 Qxc3 32. Rd1 Qxa3 33.
Qd4+ Kh7 34. Qxb6 Qe7 35. Qd4 f6 36. Ra1 Kg7 37. Ra8 Qd6 38. Qb6 h5 39. Rc8 Kh6
40. Rh8+ Kg7 41. Rd8 Qe5 42. Qc5 f5 43. f4 Qa1+ 44. Kh2 Qf6 45. Rd6 Qf7 46.
Qd4+ Kh7 47. Qe5 Qg7 48. Kg3 Qf8 49. Re6 Kh6 50. Re7 1-0

[Event "Elit(SodraSASS-Eksjo)"]
[Site "?"]
[Date "2005.??.??"]
[Round "1"]
[White "Schussler, Harry"]
[Black "Ornstein, Axel"]
[Result "1/2-1/2"]
[WhiteElo "2451"]
[BlackElo "2425"]
[PlyCount "59"]
[EventDate "2005.??.??"]

1. d4 Nf6 2. Nf3 e6 3. c4 b6 4. Nc3 Bb7 5. a3 g6 6. Qc2 Bg7 7. e4 O-O 8. Bd3
Ng4 9. h3 Nh6 10. O-O Nc6 11. Re1 f5 12. Bg5 Nxd4 13. Qd2 Nxf3+ 14. gxf3 Rf6
15. Bxh6 Bxh6 16. Qxh6 g5 17. Qh5 Kg7 18. exf5 exf5 19. f4 Rh6 20. Qe2 Rxh3 21.
Nd5 Bxd5 22. cxd5 gxf4 23. Bxf5 Qg5+ 24. Qg4 Rh5 25. Kf1 Rf8 26. Bxd7 f3 27.
Qxg5+ Rxg5 28. Re3 Rh5 29. Kg1 Rf6 30. Re6 1/2-1/2

[Event "Elit(SodraSASS-Eksjo)"]
[Site "?"]
[Date "2005.??.??"]
[Round "1"]
[White "Furhoff, Johan"]
[Black "Thornert, Hakan"]
[Result "1-0"]
[WhiteElo "2401"]
[BlackElo "2303"]
[PlyCount "125"]
[EventDate "2005.??.??"]

1. e4 c5 2. Nf3 d6 3. d4 cxd4 4. Nxd4 Nf6 5. Nc3 g6 6. Be3 Bg7 7. f3 Nc6 8. Bc4
O-O 9. Qd2 Bd7 10. h4 Rc8 11. Bb3 h5 12. O-O-O Ne5 13. Bg5 Rc5 14. g4 hxg4 15.
f4 Nc4 16. Qd3 b5 17. e5 dxe5 18. Ndxb5 Qb8 19. Bxc4 Bf5 20. Qe2 exf4 21. Bb3
Nh5 22. Qxe7 Rxb5 23. Bxf7+ Kh7 24. Nxb5 Qxb5 25. Bb3 Rc8 26. Rd8 Rxc2+ 27. Kd1
Rc4 28. Qf7 Rc1+ 29. Kxc1 Qc6+ 30. Bc4 Qxh1+ 31. Rd1 Qa8 32. Bd8 Kh6 33. Qg8
Nf6 34. Bxf6 Qxg8 35. Bg5+ Kh7 36. Bxg8+ Kxg8 37. Bxf4 Bf6 38. Bg3 Be7 39. Rd5
a6 40. b3 Kf7 41. Kd2 Ke6 42. Re5+ Kf6 43. Ke3 Kf7 44. Ra5 Bc8 45. a3 Ke6 46.
b4 Bd8 47. Re5+ Kf6 48. Rd5 Bb6+ 49. Kd2 Bg1 50. Rd8 Bb7 51. Rd7 Bg2 52. Rd6+
Kf5 53. Rxa6 Ke4 54. Rxg6 Be3+ 55. Kc3 Bd4+ 56. Kb3 Kf3 57. Bd6 Bf1 58. h5 Bd3
59. a4 Bxg6 60. hxg6 Ke4 61. Kc4 Bg7 62. a5 Kf5 63. a6 1-0

[Event "Elit(SodraSASS-Eksjo)"]
[Site "?"]
[Date "2005.??.??"]
[Round "1"]
[White "Miskulin, Dennis"]
[Black "Sjoberg, Mats"]
[Result "0-1"]
[WhiteElo "2303"]
[BlackElo "2393"]
[PlyCount "92"]
[EventDate "2005.??.??"]

1. e4 c5 2. c3 Nf6 3. e5 Nd5 4. d4 cxd4 5. cxd4 e6 6. Nc3 Nxc3 7. bxc3 d6 8.
Nf3 dxe5 9. Nxe5 Nc6 10. Nxc6 bxc6 11. Be2 Qc7 12. O-O Bd6 13. h3 O-O 14. Bf3
Ba6 15. Re1 Rab8 16. Be3 Bc4 17. Be2 Bxe2 18. Qxe2 Rb7 19. Reb1 Rfb8 20. Qc2
Qa5 21. g3 Rxb1+ 22. Rxb1 Rxb1+ 23. Qxb1 Qxc3 24. Qb7 a5 25. Bf4 Bf8 26. Qa8
Qa1+ 27. Kh2 Qxd4 28. Be3 Qd5 29. a4 f5 30. Bb6 f4 31. gxf4 Qe4 32. Qxa5 Qxf4+
33. Kg2 Qe4+ 34. Kg1 Qg6+ 35. Kf1 Qd3+ 36. Kg2 c5 37. Qa8 Qg6+ 38. Kf3 Qb1 39.
Qd8 Qb3+ 40. Kg2 Qxa4 41. Qc8 Qe4+ 42. Kg3 Qe5+ 43. f4 Qc3+ 44. Kg4 h5+ 45. Kh4
Qf6+ 46. Kg3 e5 0-1

[Event "Elit(SodraSASS-Eksjo)"]
[Site "?"]
[Date "2005.??.??"]
[Round "1"]
[White "Welin, Thomas"]
[Black "Rothen, Hakan"]
[Result "1/2-1/2"]
[WhiteElo "2370"]
[BlackElo "2375"]
[PlyCount "113"]
[EventDate "2005.??.??"]

1. c4 g6 2. e4 Bg7 3. d4 d6 4. Nc3 e5 5. d5 f5 6. exf5 gxf5 7. Qh5+ Kf8 8. f4
e4 9. Be3 Na6 10. Nh3 Nf6 11. Qh4 Bd7 12. Be2 Ng4 13. Qxd8+ Rxd8 14. Bxg4 fxg4
15. Nf2 Re8 16. O-O-O Bxc3 17. bxc3 h5 18. Rde1 Bf5 19. Bd4 Rh7 20. Nd1 Rf7 21.
Ne3 Bd7 22. g3 c5 23. dxc6 bxc6 24. c5 dxc5 25. Be5 Be6 26. Rd1 Rb7 27. Rd2 Nc7
28. f5 Reb8 29. c4 Rb1+ 30. Kc2 Rxh1 31. Bxc7 Rbb1 32. Rd8+ Ke7 33. fxe6 Rb7
34. Rd7+ Kxe6 35. Rh7 Rxh2+ 36. Kc3 Rbb2 37. Bd8 Rxa2 38. Re7+ Kf6 39. Rxe4+
Kf7 40. Kb3 a5 41. Re7+ Kf8 42. Ra7 Rhb2+ 43. Kc3 Re2 44. Be7+ Kg8 45. Bxc5
Ra3+ 46. Bxa3 Rxe3+ 47. Kb2 Rxg3 48. Rxa5 h4 49. Bd6 Rg2+ 50. Kc3 h3 51. Rh5
Kg7 52. Kd4 Kg6 53. Rh8 Kf5 54. Kc5 Rc2 55. Rf8+ Kg5 56. Rg8+ Kf5 57. Rf8+
1/2-1/2